Липківські родоводи (Запис № 316350)

МАРК-запис
000 -Лідер
fixed length control field 00706nam a22002417a 4500
001 - Контрольний номер
control field 29950
003 - Ідентифікатор контрольного номера
control field UA-OsUOA
005 - Дата та час останнього входження (трансакції)
control field 20211129213036.0
007 - Фіксоване поле фізичного опису
fixed length control field ta
008 - Елементи даних фіксованої довжини – загальна інформація
fixed length control field 20041102b un ||||| |||| 00| 0 ukr d
040 ## - Джерело каталогізації
Агенція оригінальної каталогізації UA-OsUOA
Мова каталогізації ukr
Агенція, яка здійснювала перезапис UA-OsUOA
Агенція, яка здійснювала модифікацію UA-OsUOA
041 ## - Код мови
Код мови тексту/ звукової доріжки чи окремого заголовка (П) ukr
044 ## - Код країни видавця/ виробника
Код країни видавця/ виробника (П) UA
080 ## - Індекс Універсальної десяткової класифікації
Індекс Універсальної десяткової класифікації (УДК) (НП) 908(477.81)
090 ## - Локальний шифр розміщення
Класифікаційний індекс УДК 908(477.81)
Авторський знак (НП) Ш65
100 ## - Основне введення – ім’я особи
Ім’я особи (НП) Шишко І.
245 ## - Відомості про назву
Назва (НП) Липківські родоводи
Решта назви (НП) історико-краєзнавчі розповіді
Дані про відповідальність (НП) Іван Шишко ; ред. І. Пащук
260 ## - Публікація, розповсюдження і т.п. (Вихідні дані)
Місце публікації, розповсюдження і т.п. (П) Рівне
Ім’я/ наймення видавництва, розповсюджувача і т.п. (П) Волинські обереги
Дата публікації, розповсюдження і т.п. (П) 2001
300 ## - Фізичний опис
Обсяг 100 с.
Інші фізичні характеристики (НП) Ілюстрації
650 #7 - Додаткове предметне введення – тематичний термін
Джерело заголовка чи терміна UDC
942 ## - Додаткові елементи входу (Коха)
Тип елемента Koha Книги
Source of classification or shelving scheme Universal Decimal Classification
955 ## - Код типу видання за змістом
Код типу видання за змістом (НП) інше
Фонди
Стан вилучень Стан втрат Джерело класифікації або схеми стелажів Стан уражень Не для кредиту Постійне місце розташування Поточне розміщення Дата придбання Вартість, звичайна ціна покупки Інвентарний номер Повний номер виклику Штрих-код Дата останнього перегляду Ціна ефективна від Тип елемента Koha Примітка, призначена для загального доступу
    Universal Decimal Classification     ЧЗ - Читальна зала ЧЗ - Читальна зала 02/11/2004 3.00 60518 908(477.81) Ш65 60518 07/02/2022 02/11/2004 Книги з автографом І. Пащука